00363nam a2200097Ia 4500001000400000008004100004082002100045100008500066245009700151260001700248565241024s9999 xx 000 0 und d aRD/379.2/R426p/5 aRepública Dominicana.Secretaria de Estado de Educación Bellas Artes y Cultos 0aNivel Inicial Plan Decenal de Educación en Acción, Transformación curricular en marcha bTallerc1996